| 000 | 00637nam a22001937a 4500 | ||
|---|---|---|---|
| 999 |
_c17517 _d17517 |
||
| 003 | AR-CdUCM | ||
| 008 | 190410b ||||| |||| 00| 0 spa d | ||
| 040 |
_aMUNICIPALIDAD PROVINCIAL DEL CUSCO _cBIBLIOTECA MUNICIPAL DEL CUSCO |
||
| 082 |
_a192 / _bSP74 |
||
| 100 |
_aSpencer, Herbert _99994 |
||
| 245 | _aOrígen de las profesiones / | ||
| 260 |
_aBuenos Aires : _bTor. |
||
| 300 |
_a158 páginas ; _c19 cm. |
||
| 505 | _aContenido: De las profesiones en general -- Medico y cirujano -- El bailarín y el músico ... | ||
| 650 |
_aProfesiones _930826 |
||
| 650 |
_aHistoria _9136 |
||
| 942 |
_2ddc _cLIBROS |
||
| 945 |
_arah _d08/05/2019 |
||